АНАЛИЗ истории развития советской модели социализма (от "краткого курса истории ВКП(б)" до "перестройки и нового мышления") (Запись № 6756119)

Подробности
000 -МАРКЕР
контрольное поле 01575nam0a22002771 4500
001 - ИДЕНТИФИКАТОР ЗАПИСИ
контрольное поле rc\400738
005 - ИДЕНТИФИКАТОР ВЕРСИИ
контрольное поле 20260407072048.0
035 ## - ДРУГИЕ СИСТЕМНЫЕ НОМЕРА
Идентификатор записи (NLR Aleph) 005649517
100 ## - ДАННЫЕ ОБЩЕЙ ОБРАБОТКИ
Данные общей обработки 20030616d1989 u y0rusy50 ca
101 0# - ЯЗЫК РЕСУРСА
Язык текста, звукозаписи и т.д. русский
102 ## - СТРАНА ПУБЛИКАЦИИ ИЛИ ПРОИЗВОДСТВА
Страна публикации Российская Федерация
105 ## - ПОЛЕ КОДИРОВАННЫХ ДАННЫХ: ТЕКСТОВЫЕ МАТЕРИАЛЫ, МОНОГРАФИЧЕСКИЕ
Кодированные данные о монографическом текстовом документе y |||||||||
200 1# - ЗАГЛАВИЕ И СВЕДЕНИЯ ОБ ОТВЕТСТВЕННОСТИ
Основное заглавие АНАЛИЗ истории развития советской модели социализма (от "краткого курса истории ВКП(б)" до "перестройки и нового мышления")
Первые сведения об ответственности [К. филол. н. А.М. Ефремов
Последующие сведения об ответственности Отв. ред. д. ист. н. А.М. Григорьев]
210 ## - ПУБЛИКАЦИЯ, РАСПРОСТРАНЕНИЕ И ДР.
Место издания, распространения и т.д. М.
Имя издателя, распространителя и т. д. ИНИОН
Дата издания, распространения и т.д. 1989
215 ## - ФИЗИЧЕСКАЯ ХАРАКТЕРИСТИКА
Специфическое обозначение материала и объем 43 с.
Размеры 28
225 1# - СЕРИЯ
Основное заглавие серии Специализированная информация
Сведения об ответственности АН СССР, ИНИОН
Обозначение тома № 40/1201
300 ## - ОБЩИЕ ПРИМЕЧАНИЯ
Текст примечания На тит. л. сведения о реф. изд.: Сулянь шахуйчжуи мощи ды лиши каоча (цун "Ляньгун (бу) данши цзяочэн" дао "Гайгэ юй синь сывэй" // Шицзе лиши. - Пекин, 1988. - № 4. - С. 1-46
701 #1 - ИМЯ ЛИЦА - АЛЬТЕРНАТИВНАЯ ОТВЕТСТВЕННОСТЬ
Начальный элемент ввода Ефремов
Часть имени, кроме начального элемента ввода А.М.
702 #1 - ИМЯ ЛИЦА - ВТОРИЧНАЯ ОТВЕТСТВЕННОСТЬ
Код отношения Редактор
Начальный элемент ввода Григорьев
Часть имени, кроме начального элемента ввода А. М.
Дополнения к именам, кроме дат д-р ист. наук
Даты 1933-
Расширение инициалов личного имени Александр Миронович
Системный номер авторитетной/нормативной записи 175276
Идентификатор авторитетной/нормативной записи RU\NLR\AUTH\770175327
712 02 - НАИМЕНОВАНИЕ ОРГАНИЗАЦИИ - ВТОРИЧНАЯ ОТВЕТСТВЕННОСТЬ
Начальный элемент ввода Институт научной информации по общественным наукам
Идентифицирующий признак Москва
Идентификатор авторитетной/нормативной записи RU\NLR\AUTH\88992
Системный номер авторитетной/нормативной записи 272425
801 #0 - ИСТОЧНИК ЗАПИСИ
Страна Российская Федерация
Организация NLR
Правила каталогизации psbo
801 #1 - ИСТОЧНИК ЗАПИСИ
Страна Российская Федерация
Организация ELAR
Источник данных rusmarc
852 ## - МЕСТОНАХОЖДЕНИЕ И ШИФР ХРАНЕНИЯ
Идентификатор организации NLR
Шифр хранения (Call Number) 90-8/381
942 ## - ДОПОЛНИТЕЛЬНЫЕ ЭЛЕМЕНТЫ ЗАПИСИ (АБИС)
Тип экземпляра АБИС Книга
980 ## - КОЛЛЕКЦИЯ
Название коллекции Национальная библиография
Экземпляры
Тип экземпляра Дата поступления Библиотека постоянного хранения Библиотека текущего хранения Место хранения Шифр хранения Штрих-код Статус экземпляра
Книга 26.10.2013 РНБ (Московский) РНБ (Московский) Русский книжный фонд: издания с 1957 года 90-8/381 5649517-10